[Event "Dubai The Arbor blitz op"]
[Site "Dubai"]
[Date "2019.04.12"]
[Round "1"]
[White "Mohammed, Dilshad"]
[Black "Alnajjab, Muhannad"]
[Result "1-0"]
[WhiteElo "2140"]
[BlackElo "1269"]
[PlyCount "63"]
[EventDate "2019.04.12"]
[EventType "swiss (blitz)"]
[EventRounds "9"]
[EventCountry "UAE"]
[SourceTitle "CBM 189 Extra"]
[Source "ChessBase"]
[SourceDate "2019.06.03"]
[SourceVersion "1"]
[SourceVersionDate "2019.06.03"]
[SourceQuality "1"]

1. d4 Nf6 2. Nf3 g6 3. c4 Bg7 4. Nc3 0-0 5. e4 d6 6. Be2 c5 7. d5 e6 8. dxe6 Bxe6 9. 0-0 Nc6 10. Bf4 Ne8 11. Nb5 Bxb2 12. Bh6 Bg7 13. Bxg7 Kxg7 14. Qd2 Kg8 15. Rfd1 Qf6 16. Rab1 Rd8 17. Qe3 b6 18. Rd2 Na5 19. Rbd1 Nxc4 20. Bxc4 Bxc4 21. e5 Qg7 22. Nxd6 Nxd6 23. exd6 Rd7 24. Qf4 Rfd8 25. Qxc4 Qf6 26. Qd5 Rxd6 27. Qxd6 Rxd6 28. Rxd6 Qg7 29. Rd8+ Qf8 30. Rxf8+ Kxf8 31. Rd7 a5 32. Rb7 1-0